000 00552nam a2200217Ia 4500
003 OSt
005 20230501113335.0
008 210423s2009 xx 000 0 und d
020 _a978-0-07-009025-5
040 _cAL
041 _aeng
082 _a658.15
_223
_bVISC
100 _aVISHWANATH (S R)
_995539
245 _aCases in corporate finance
260 _aNew Delhi
_bTata McGrawhill
_c2009
300 _axix,303
_bPB
365 _b595
_cINR
650 _aFinancial Management
_995540
906 _aBusiness ; marketing
942 _2ddc
_cBK
999 _c170523
_d170523